| 000 | 00747cam a22002415a 4500 | ||
|---|---|---|---|
| 001 | 010031131 | ||
| 005 | 20180315120559.0 | ||
| 008 | 890622t1989 nyua fr 001 0 eng d | ||
| 020 | _a0070616205 | ||
| 040 |
_aUk _cUk _beng _dEG-ScBUE |
||
| 082 | 0 | 4 |
_a621.402 _222 _bSTO |
| 100 | 1 |
_aStoecker, W. F. _q(Wilbert Frederick) |
|
| 245 | 1 | 0 |
_aDesign of thermal systems / _cW. F. Stoecker. |
| 250 | _a3rd ed. | ||
| 260 |
_aNew York : _bMcGraw-Hill Book Company, _cc.1989. |
||
| 300 |
_axvi, 565 p. : _bill. ; _c24 cm. |
||
| 500 | _aIndex : p. 561-565. | ||
| 650 | 7 |
_aHeat engineering. _2BUEsh _912963 |
|
| 650 | 7 |
_aSystems engineering. _2BUEsh _93798 |
|
| 650 | 7 |
_aEngineering design. _2BUEsh _93587 |
|
| 653 |
_bGGEN _bENGGEN _cMarch2018 |
||
| 942 | _2ddc | ||
| 999 |
_c26310 _d26282 |
||